000 00739nam a2200253Ia 4500
005 20220316235638.0
008 121119s1998 sp a gr 000 f spa
020 _a8434812886
041 0 _aspa
100 1 _aPerera, Hilda
_d1926-
245 1 0 _aKike
_cHilda Perera ; ilustraciones, Marina Seoane
250 _aPrimera edición
300 _a124 páginas
_bilustraciones
490 0 _aEl barco de vapor : naranja
650 1 4 _aNovela cubana
_2LEMB
650 1 4 _aLiteratura cubana
_2LEMB
942 _2loc
_cBKLIT
264 _aMadrid
_bS.M.
_c1998
336 _atexto
_btxt
_2rdacontent
337 _asin mediación
_bn
_2rdamedia
338 _avolumen
_bnc
_2rdacarrier
040 _aCO-BoRNBP
_bspa
_erda
_cCO-BoRNBP
084 _aN PER8
999 _c1667
_d1667